| 000 -LEADER |
| fixed length control field |
01020nam a22001937a 4500 |
| 020 ## - INTERNATIONAL STANDARD BOOK NUMBER |
| ISBN |
9780128222034 |
| 082 ## - DEWEY DECIMAL CLASSIFICATION NUMBER |
| Classification number |
658.514 |
| Item number |
D852 2021 |
| 100 ## - MAIN ENTRY--AUTHOR NAME |
| Personal name |
Duening, Thomas N., author. |
| 245 ## - TITLE STATEMENT |
| Title |
Technology entrepreneurship : taking innovation to the marketplace / Thomas N. Duening, El Pomar Chair of Business & Entrepreneurship, University of Colorado Colorado Springs, CO, United States ; Robert D. Hisrich, Bridgestone Professor of International Business, Kent State University, Cleveland, OH, ]United States ; Michael A. Lechter, MS Capital, LLC, Paradise Valley, Az, United States. |
| 250 ## - EDITION STATEMENT |
| Edition statement |
Third edition. |
| 260 ## - PUBLICATION, DISTRIBUTION, ETC. (IMPRINT) |
| Place of publication |
London ; San Diego ; Cambridge, MA ; Oxford : |
| Name of publisher |
Academic Press An imprint of Elsevier, |
| Year of publication |
2021. |
| 300 ## - PHYSICAL DESCRIPTION |
| Number of Pages |
1 online resource, xx, 416 pages : |
| Other physical details |
illustrations (some colors). |
| 500 ## - GENERAL NOTE |
| General note |
Includes index. |
| 650 ## - SUBJECT ADDED ENTRY--TOPICAL TERM |
| Topical Term |
Entreprenuership. |
| 650 ## - SUBJECT ADDED ENTRY--TOPICAL TERM |
| Topical Term |
Technological innovations. |
| 700 ## - ADDED ENTRY--PERSONAL NAME |
| Personal name |
Hisrich, Robert D., author., |
| 700 ## - ADDED ENTRY--PERSONAL NAME |
| Personal name |
Lechter, Michael A., author. |
| 942 ## - ADDED ENTRY ELEMENTS (KOHA) |
| Koha item type |
Electronic Books |